000 00620nam a2200193 a 4500
001 11315
003 CO-ViMGA
008 141112s2004 ck r 000 u spa d
040 _aCO-ViMGA
_bspa
_cCO-ViMGA
082 0 4 _a986.111 C11c
100 1 _aCabellos Barreiro, Enrique
_947723
245 1 0 _aCartagena de Indias :
_bMágica Acrópolis de América
260 _aMadrid :
_bColegios de Ingenieros de Caminos,
_cCanales y puertos,
_c1991
300 _a237p. : il.
650 1 4 _aCARTAGENA - HISTORIA
_947724
650 1 4 _aCARTAGENA - INDEPENDENCIA
_947725
650 1 4 _aCONSTITUCION - CARTAGENA
_947726
942 _2ddc
_cBK
999 _c22522
_d22522